书目信息 |
| 题名: |
中国近代文化思潮
|
|
| 作者: | 丁伟志 著 | |
| 分册: | 下卷 裂变与新生 | |
| 出版信息: | 北京 社会科学文献出版社 2011.01 |
|
| 页数: | 529页 | |
| 开本: | 23cm | |
| 丛书名: | 中国社会科学院文库 | |
| 单 册: | ||
| 中图分类: | K250.3 , K258.03 | |
| 科图分类: | ||
| 主题词: | 文化思潮--研究--中国--近代 , 文化思潮--研究--中国--民国 , 文化思潮 | |
| 电子资源: | ||
| ISBN: | 978-7-5097-2021-9 | |
| 000 | 01231oam2 2200313 450 | |
| 001 | 010010073098 | |
| 005 | 20120619161342.23 | |
| 010 | @a978-7-5097-2021-9@dCNY64.00,128.00(全2册) | |
| 100 | @a20110122d2011 em y0chiy0110 ea | |
| 101 | 0 | @achi |
| 102 | @aCN@b110000 | |
| 105 | @ay z 000yy | |
| 106 | @ar | |
| 200 | 1 | @a中国近代文化思潮@9zhong guo jin dai wen hua si chao@h下卷@i裂变与新生@e民国文化思潮述论@dA review of cultural trends of thought in republican China@f丁伟志著@zeng |
| 210 | @a北京@c社会科学文献出版社@d2011.01 | |
| 215 | @a529页@d23cm | |
| 225 | 2 | @a中国社会科学院文库@i历史考古研究系列 |
| 330 | @a本书主要内容包括:裂变年代的文化冲突;新文化运动的兴起;在辩难争论中打开局面的新文化运动;爱国运动高潮中的文化论战;20年代文化论争的拓展与深入等。 | |
| 462 | 0 | @12001 @a历史考古研究系列 |
| 510 | 1 | @aReview of cultural trends of thought in republican China@zeng |
| 517 | 1 | @a民国文化思潮述论@9min guo wen hua si chao shu lun |
| 606 | 0 | @a文化思潮@x研究@y中国@z近代 |
| 606 | 0 | @a文化思潮@x研究@y中国@z民国 |
| 606 | 0 | @a文化思潮 |
| 690 | @aK250.3@v4 | |
| 690 | @aK258.03@v4 | |
| 701 | 0 | @a丁伟志@9ding wei zhi@4著 |
| 801 | 0 | @aCN@bRENTIAN@c20110122 |
| 905 | @b540154-58@dK250.3@e184:2@f5 | |
| 中国近代文化思潮.下卷.裂变与新生:民国文化思潮述论=A review of cultural trends of thought in republican China/丁伟志著.-北京:社会科学文献出版社,2011.01 |
| 529页;23cm.-(中国社会科学院文库.历史考古研究系列) |
| ISBN 978-7-5097-2021-9:CNY64.00,128.00(全2册) |
| 本书主要内容包括:裂变年代的文化冲突;新文化运动的兴起;在辩难争论中打开局面的新文化运动;爱国运动高潮中的文化论战;20年代文化论争的拓展与深入等。 |
| ● |
| 相关链接 |
|
|
|
|
正题名:中国近代文化思潮
索取号:K250.3/184:2
 
预约/预借
| 序号 | 登录号 | 条形码 | 馆藏地/架位号 | 状态 | 备注 |
| 1 | 540154 | 205401545 | 第二样本阅览室/ [索取号:K250.3/184:2] | 在馆 | |
| 2 | 540155 | 205401554 | 密集书库-史法系/ [索取号:K250.3/184:2] | 在馆 | |
| 3 | 540156 | 205401563 | 第二借阅区/ [索取号:K250.3/184:2] | 在馆 | |
| 4 | 540157 | 205401572 | 第二借阅区/ [索取号:K250.3/184:2] | 在馆 | |
| 5 | 540158 | 205401581 | 第二借阅区/ [索取号:K250.3/184:2] | 在馆 |